Introduction to finite elements in engineering / (Record no. 60113)

000 -LEADER
fixed length control field 01322cam a22003134a 4500
001 - CONTROL NUMBER
control field 12463630
003 - CONTROL NUMBER IDENTIFIER
control field NUST-PNEC
005 - DATE AND TIME OF LATEST TRANSACTION
control field 20170114142537.0
008 - FIXED-LENGTH DATA ELEMENTS--GENERAL INFORMATION
fixed length control field 010709s2002 njua b 001 0 eng
010 ## - LIBRARY OF CONGRESS CONTROL NUMBER
LC control number 2001036592
020 ## - INTERNATIONAL STANDARD BOOK NUMBER
International Standard Book Number 0130615919 (alk. paper)
040 ## - CATALOGING SOURCE
Original cataloging agency DLC
Transcribing agency PNEC
Modifying agency DLC
042 ## - AUTHENTICATION CODE
Authentication code pcc
050 00 - LIBRARY OF CONGRESS CALL NUMBER
Classification number TA347.F5
Item number C463 2002
082 00 - DEWEY DECIMAL CLASSIFICATION NUMBER
Classification number 517.962 CHA
100 1# - MAIN ENTRY--PERSONAL NAME
Personal name Chandrupatla, Tirupathi R.,
Dates associated with a name 1944-
245 10 - TITLE STATEMENT
Title Introduction to finite elements in engineering /
Statement of responsibility, etc. Tirupathi R. Chandrupatla, Ashok D. Belegundu.
250 ## - EDITION STATEMENT
Edition statement 3rd ed.
260 ## - PUBLICATION, DISTRIBUTION, ETC.
Place of publication, distribution, etc. Upper Saddle River, N.J. :
Name of publisher, distributor, etc. Prentice Hall,
Date of publication, distribution, etc. c2002.
300 ## - PHYSICAL DESCRIPTION
Extent xviii, 453 p. :
Other physical details ill. ;
Dimensions 24 cm.
500 ## - GENERAL NOTE
General note Includes index. http://www.amazon.com/Introduction-Finite-Elements-Engineering-Edition/dp/0130615919/ref=sr_1_sc_1?ie=UTF8&qid=1399645832&sr=8-1-spell&keywords=introduction+to+finite+element+in+engineering+chandrupatia+3
504 ## - BIBLIOGRAPHY, ETC. NOTE
Bibliography, etc. note Includes bibliographical references (p. 443-446) and index.
650 #0 - SUBJECT ADDED ENTRY--TOPICAL TERM
Topical term or geographic name entry element Finite element method.
General subdivision ME, MIS
650 #0 - SUBJECT ADDED ENTRY--TOPICAL TERM
Topical term or geographic name entry element Engineering mathematics.
700 1# - ADDED ENTRY--PERSONAL NAME
Personal name Belegundu, Ashok D.,
Dates associated with a name 1956-
906 ## - LOCAL DATA ELEMENT F, LDF (RLIN)
a 7
b cbc
c orignew
d 1
e ocip
f 20
g y-gencatlg
942 ## - ADDED ENTRY ELEMENTS (KOHA)
Source of classification or shelving scheme
Koha item type Book
Holdings
Withdrawn status Lost status Source of classification or shelving scheme Damaged status Not for loan Permanent Location Current Location Date acquired Source of acquisition Cost, normal purchase price Total Checkouts Full call number Barcode Date last seen Cost, replacement price Price effective from Koha item type
          Pakistan Navy Engineering College (PNEC) Pakistan Navy Engineering College (PNEC) 02/27/2012 Paramount Publishing Enterprise 375.00   517.962 CHA PNECBB-006420 05/09/2014 375.00 02/27/2012 Book
          Pakistan Navy Engineering College (PNEC) Pakistan Navy Engineering College (PNEC) 02/27/2012 Paramount Publishing Enterprise 375.00   517.962 CHA PNECBB-006421 05/09/2014 375.00 02/27/2012 Book
          Pakistan Navy Engineering College (PNEC) Pakistan Navy Engineering College (PNEC) 02/27/2012 Paramount Publishing Enterprise 375.00   517.962 CHA PNECBB-006422 05/09/2014 375.00 02/27/2012 Book
          Pakistan Navy Engineering College (PNEC) Pakistan Navy Engineering College (PNEC) 02/27/2012 Paramount Publishing Enterprise 375.00   517.962 CHA PNECBB-006423 05/09/2014 375.00 02/27/2012 Book
          Pakistan Navy Engineering College (PNEC) Pakistan Navy Engineering College (PNEC) 02/27/2012 Paramount Publishing Enterprise 375.00   517.962 CHA PNECBB-006424 05/09/2014 375.00 02/27/2012 Book
          Pakistan Navy Engineering College (PNEC) Pakistan Navy Engineering College (PNEC) 02/27/2012 Paramount Publishing Enterprise 375.00   517.962 CHA PNECBB-006425 05/09/2014 375.00 02/27/2012 Book
          Pakistan Navy Engineering College (PNEC) Pakistan Navy Engineering College (PNEC) 10/13/2013 H & S Enterprises 694.88   517.962 CHA PNECBB-007126 07/18/2014 694.88 10/13/2013 Book
© 2023 Central Library, National University of Sciences and Technology. All Rights Reserved.